000 00744nam a22002057a 4500
999 _c18443
_d18443
003 AR-CdUCM
008 190514b ||||| |||| 00| 0 spa d
040 _aMUNICIPALIDAD PROVINCIAL DEL CUSCO
_cBIBLIOTECA MUNICIPAL DEL CUSCO
082 _a616.07 /
_bC79
100 _aCazalis.MM
_939039
245 _aSemiología de las especialidades :
_bDel síntoma a la enfermedad /
260 _aMéxico :
_bEditora Nacional,
_c1967.
300 _a434 paginas ;
_c18 cm.
440 _aColección de guías de diagnostico clínico para eso del practico
_939040
505 _aContenido :Oftalmológica --Otorrinolaringologia --Urologia /
700 _aBarthes
_939041
700 _aCoulazou
_939042
942 _2ddc
_cLIBROS
945 _arjall
_d2019-05-14